000 00596cam a22002053a 4500
001 33378
003 PGUSA
005 20140828083724.0
008 100808s2010||||xxu|||||s|||||000 | eng d
040 _aPGUSA
_beng
042 _adc
100 1 _aAdam, Paul,
_d1862-1920
245 1 0 _aAu soleil de juillet (1829-1830) :
_bLe temps et la vie
_h[electronic resource] /
_cPaul Adam
260 _bProject Gutenberg,
_c2010
506 _aPublic domain in the USA.
516 _aElectronic text
830 0 _aProject Gutenberg
_v33378
856 4 0 _uhttp://www.gutenberg.org/ebooks/33378
942 _cEB
999 _c262633
_d262633